[Event "ICS rated blitz match"]
[Site "204.178.125.65"]
[Date "2000.05.01"]
[Round "?"]
[White "Vanhelgi"]
[Black "Hossa"]
[Result "0-1"]
[WhiteElo "2236"]
[BlackElo "2425"]
[PlyCount "124"]
[EventDate "2000.??.??"]

1. e4 d5 2. exd5 Nf6 3. Nc3 Nxd5 4. Nf3 Nc6 5. d4 Nxc3 6. bxc3 e5 7. Bb5 exd4
8. cxd4 Bb4+ 9. Bd2 Qe7+ 10. Qe2 Bxd2+ 11. Nxd2 Qxe2+ 12. Kxe2 Bd7 13. Bxc6
Bxc6 14. f3 O-O-O 15. Kf2 Rxd4 16. Nb3 Rc4 17. Rac1 Rd8 18. Rhe1 Re8 19. Na5
Rxe1 20. Kxe1 Rc5 21. Nxc6 Rxc6 22. Kd2 Ra6 23. Ra1 Rh6 24. h3 Rg6 25. Rg1 Ra6
26. Ra1 f5 27. c3 c5 28. Kd3 Rg6 29. g4 Rh6 30. Rh1 f4 31. Ke4 Ra6 32. Rh2 Rf6
33. h4 Kc7 34. g5 Rf8 35. h5 b5 36. Rh4 Kd6 37. Rxf4 Re8+ 38. Kd3 Re5 39. Rg4
a5 40. f4 Re1 41. f5 Ke5 42. f6 gxf6 43. g6 hxg6 44. hxg6 Rd1+ 45. Ke3 Rd8 46.
g7 Rg8 47. a4 f5 48. Rg1 bxa4 49. Kd3 a3 50. Kc4 a2 51. Kxc5 Rxg7 52. Ra1 Rc7+
53. Kb5 Rxc3 54. Rxa2 a4 55. Rxa4 f4 56. Ra8 f3 57. Rf8 Ke4 58. Re8+ Kd3 59.
Rf8 Ke2 60. Re8+ Re3 61. Rf8 f2 62. Kc4 Rf3 {Vanhelgi resigns} 0-1

[Event "ICS rated blitz match"]
[Site "204.178.125.65"]
[Date "2000.05.01"]
[Round "?"]
[White "Hossa"]
[Black "Ppizarro"]
[Result "1-0"]
[WhiteElo "2433"]
[BlackElo "2219"]
[PlyCount "23"]
[EventDate "2000.??.??"]

1. e4 d6 2. d4 Nf6 3. Nc3 g6 4. f4 Bg7 5. Nf3 c5 6. Bb5+ Bd7 7. e5 Bxb5 8. exf6
Bxf6 9. Nxb5 Qa5+ 10. Nc3 cxd4 11. Nxd4 Nc6 12. Nde2 {Ppizarro resigns} 1-0

[Event "ICS rated standard match"]
[Site "204.178.125.65"]
[Date "2000.05.01"]
[Round "?"]
[White "Hossa"]
[Black "LucFier"]
[Result "1-0"]
[WhiteElo "2342"]
[BlackElo "1972"]
[PlyCount "49"]
[EventDate "2000.??.??"]

1. e4 c5 2. Nf3 d6 3. d4 cxd4 4. Nxd4 Nf6 5. Nc3 a6 6. Bg5 e6 7. f4 Nc6 8. e5
dxe5 9. Nxc6 Qxd1+ 10. Rxd1 bxc6 11. fxe5 Nd7 12. Ne4 h6 13. Bf4 g5 14. Bg3 Bg7
15. Nd6+ Ke7 16. Be2 Bxe5 17. Nxc8+ Rhxc8 18. Rxd7+ Kxd7 19. Bxe5 Rg8 20. O-O
f5 21. Rd1+ Ke7 22. Rd6 Rab8 23. Rxc6 Rb4 24. Rc7+ Kd8 25. Bxa6 {
LucFier resigns} 1-0

[Event "ICS rated standard match"]
[Site "204.178.125.65"]
[Date "2000.05.01"]
[Round "?"]
[White "Bootemout"]
[Black "Hossa"]
[Result "0-1"]
[WhiteElo "1968"]
[BlackElo "2345"]
[PlyCount "60"]
[EventDate "2000.??.??"]

1. d4 Nf6 2. Nf3 g6 3. g3 Bg7 4. Bg2 O-O 5. O-O d6 6. Re1 Bg4 7. c3 Nbd7 8. e4
c5 9. Nbd2 cxd4 10. cxd4 Nb6 11. Qb3 Rc8 12. h3 Bd7 13. a3 Ba4 14. Qe3 Rc2 15.
b3 Bd7 16. a4 Qc8 17. Ba3 Bxh3 18. Rec1 Bxg2 19. Kxg2 Rc6 20. Rxc6 bxc6 21. Rc1
Qd7 22. Rh1 Rb8 23. Qg5 Ng4 24. Rh4 h5 25. Rh1 c5 26. dxc5 Bf6 27. Qf4 e5 28.
Qxf6 Nxf6 29. c6 Qxc6 30. Rc1 Qd7 {Bootemout resigns} 0-1

[Event "ICS rated standard match"]
[Site "204.178.125.65"]
[Date "2000.05.01"]
[Round "?"]
[White "Hossa"]
[Black "axn"]
[Result "1-0"]
[WhiteElo "2348"]
[BlackElo "1982"]
[PlyCount "83"]
[EventDate "2000.??.??"]

1. e4 d6 2. d4 c6 3. Nc3 h6 4. Bd3 e5 5. Nf3 Bg4 6. Be2 Bxf3 7. Bxf3 Nd7 8.
dxe5 dxe5 9. a3 Ngf6 10. O-O Qc7 11. b4 Be7 12. Be3 Rd8 13. Qe2 O-O 14. Rfd1
Nb6 15. Bg4 Rxd1+ 16. Rxd1 Rd8 17. Rxd8+ Qxd8 18. Bf5 g6 19. Bh3 Bf8 20. Qf1
Ne8 21. b5 Bxa3 22. Qb1 c5 23. g3 Nd6 24. Bxh6 Kh7 25. Be3 Ndc4 26. Qf1 Kg7 27.
Qe2 Nxe3 28. Qxe3 Qd4 29. Nd5 Nxd5 30. exd5 Qxd5 31. Qxa3 a6 32. bxa6 bxa6 33.
Bf1 c4 34. Qxa6 c3 35. Bd3 Qf3 36. Qd6 f6 37. Qe7+ Kh6 38. Qf8+ Kg5 39. h4+ Kg4
40. Qc8+ f5 41. Qc4+ e4 42. Be2 {axn resigns} 1-0

[Event "ICS rated standard match"]
[Site "204.178.125.65"]
[Date "2000.05.01"]
[Round "?"]
[White "Hossa"]
[Black "C-REINOSO"]
[Result "1-0"]
[WhiteElo "2351"]
[BlackElo "2184"]
[PlyCount "24"]
[EventDate "2000.??.??"]

1. e4 Nf6 2. e5 Nd5 3. d4 d6 4. Nf3 Bg4 5. Be2 e6 6. O-O Be7 7. c4 Nb6 8. Nc3
O-O 9. Be3 Nc6 10. exd6 cxd6 11. d5 exd5 12. cxd5 Re8 {C-REINOSO resigns} 1-0

[Event "ICS rated standard match"]
[Site "204.178.125.65"]
[Date "2000.05.01"]
[Round "?"]
[White "C-REINOSO"]
[Black "Hossa"]
[Result "0-1"]
[WhiteElo "2171"]
[BlackElo "2356"]
[PlyCount "20"]
[EventDate "2000.??.??"]

1. d4 d5 2. c4 c6 3. Nc3 Nf6 4. Nf3 e6 5. Bg5 Nbd7 6. e3 Be7 7. Rc1 O-O 8. a3
b6 9. Bd3 dxc4 10. d5 cxd3 {C-REINOSO resigns} 0-1

[Event "ICS rated blitz match"]
[Site "204.178.125.65"]
[Date "2000.05.01"]
[Round "?"]
[White "Hossa"]
[Black "FFFFRANQUE"]
[Result "1-0"]
[WhiteElo "2447"]
[BlackElo "2285"]
[PlyCount "93"]
[EventDate "2000.??.??"]

1. e4 c5 2. Nf3 d6 3. d4 cxd4 4. Nxd4 Nf6 5. Nc3 g6 6. Be3 Bg7 7. f3 O-O 8. Qd2
Nc6 9. Bc4 Bd7 10. O-O-O Qa5 11. Nb3 Qc7 12. Nb5 Qb8 13. Kb1 Rc8 14. Bh6 Bh8
15. Qg5 a6 16. Nc3 b5 17. Bd3 Ne5 18. Be2 a5 19. Rhf1 a4 20. Nd4 b4 21. Nd5
Nxd5 22. exd5 b3 23. cxb3 axb3 24. a3 Qb7 25. Qxe7 Ra4 26. Qxd6 Rxd4 27. Rxd4
Bf5+ 28. Ka1 Ra8 29. Ra4 Rc8 30. Ba6 Qc7 31. Qxc7 Rxc7 32. Rb4 Nd7 33. Rxb3 Be5
34. Re1 f6 35. f4 Bd6 36. Bd3 Bxd3 37. Rxd3 Kf7 38. Kb1 Nc5 39. Rc3 Rb7 40. Ka2
g5 41. fxg5 Kg6 42. b4 Na4 43. Rc6 Be5 44. Rxe5 Rd7 45. g4 Kf7 46. Rxf6+ Kg8
47. Rf8# 1-0

[Event "ICS rated blitz match"]
[Site "204.178.125.65"]
[Date "2000.05.01"]
[Round "?"]
[White "IZZYLISTED"]
[Black "Hossa"]
[Result "0-1"]
[WhiteElo "2064"]
[BlackElo "2456"]
[PlyCount "39"]
[EventDate "2000.??.??"]

1. e4 e5 2. Nf3 Nc6 3. Nc3 Nf6 4. Bb5 Bb4 5. O-O O-O 6. Bxc6 dxc6 7. d3 Bg4 8.
h3 Bxf3 9. Qxf3 h6 10. Ne2 Qe7 11. g4 Rad8 12. Ng3 Qe6 13. Nf5 c5 14. Kh2 c4
15. c3 Rxd3 16. Qg2 Bc5 17. g5 hxg5 18. Bxg5 Rfd8 19. Rg1 g6 20. Qg4 {
IZZYLISTED resigns} 0-1

[Event "ICS rated blitz match"]
[Site "204.178.125.65"]
[Date "2000.05.01"]
[Round "?"]
[White "Hossa"]
[Black "IZZYLISTED"]
[Result "1-0"]
[WhiteElo "2459"]
[BlackElo "2061"]
[PlyCount "105"]
[EventDate "2000.??.??"]

1. e4 c5 2. Nf3 Nc6 3. Bb5 g6 4. O-O Bg7 5. c3 Nf6 6. Re1 O-O 7. d4 cxd4 8.
cxd4 a6 9. Bxc6 dxc6 10. Nc3 Qc7 11. Bg5 h6 12. Bxf6 Bxf6 13. Qd2 Bg7 14. Rec1
Bg4 15. Ne5 Bxe5 16. dxe5 Qxe5 17. h3 Be6 18. Qxh6 Rad8 19. Re1 Rd4 20. Red1
Rfd8 21. Rxd4 Rxd4 22. Re1 b5 23. a3 c5 24. Re3 Rd2 25. Rf3 Rxb2 26. Rd3 Qc7
27. Qc1 Rb3 28. Qd1 Kh7 29. Qe1 Qa5 30. f4 Bc4 31. Rf3 Kg7 32. f5 Qc7 33. fxg6
fxg6 34. Qc1 Qe5 35. Kh1 a5 36. h4 a4 37. h5 g5 38. h6+ Kg6 39. Rf5 Qg3 40.
Rxg5+ Qxg5 41. Qxg5+ Kxg5 42. h7 Rxc3 43. h8=Q Rc1+ 44. Kh2 Be6 45. Qe5+ Kg4
46. Qxe6+ Kf4 47. Qh6+ Kxe4 48. Qxc1 Kd4 49. Qd2+ Ke5 50. Qb2+ Ke4 51. Qxb5 Kd4
52. Qxa4+ Kd5 53. Qd7+ {IZZYLISTED resigns} 1-0

[Event "ICS rated blitz match"]
[Site "204.178.125.65"]
[Date "2000.05.01"]
[Round "?"]
[White "Hossa"]
[Black "IZZYLISTED"]
[Result "1-0"]
[WhiteElo "2462"]
[BlackElo "2047"]
[PlyCount "37"]
[EventDate "2000.??.??"]

1. e4 c5 2. Nf3 g6 3. d4 cxd4 4. Nxd4 Bg7 5. c4 Nc6 6. Nxc6 bxc6 7. Bd3 d6 8.
O-O Nf6 9. Nc3 O-O 10. Rb1 Rb8 11. Bg5 Nd7 12. Qd2 Ne5 13. Be2 Be6 14. b3 Re8
15. Bh6 Bh8 16. Rbc1 Qa5 17. h3 Qb4 18. f4 Nd7 19. f5 {IZZYLISTED resigns} 1-0

[Event "ICS rated blitz match"]
[Site "204.178.125.65"]
[Date "2000.05.01"]
[Round "?"]
[White "IZZYLISTED"]
[Black "Hossa"]
[Result "0-1"]
[WhiteElo "2044"]
[BlackElo "2465"]
[PlyCount "66"]
[EventDate "2000.??.??"]

1. d4 d5 2. c4 e6 3. cxd5 exd5 4. Nc3 Nf6 5. Bg5 Be7 6. e3 h6 7. Bh4 O-O 8. Qc2
Nc6 9. a3 Be6 10. Bd3 Nd7 11. Bxe7 Qxe7 12. Nf3 Nf6 13. b4 a6 14. O-O Bg4 15.
Nd2 g6 16. Rfe1 Rfe8 17. Na4 Nd7 18. Nc5 Nxc5 19. Qxc5 Qg5 20. Kh1 Bf5 21. Nf3
Qf6 22. Be2 Be4 23. a4 Qe7 24. b5 Qxc5 25. dxc5 Bxf3 26. Bxf3 Nb4 27. Reb1 Nd3
28. Bxd5 axb5 29. Bxb7 Rxa4 30. Rxa4 bxa4 31. c6 Nxf2+ 32. Kg1 Nd3 33. Ra1 Rxe3
{IZZYLISTED resigns} 0-1

[Event "ICS rated blitz match"]
[Site "204.178.125.65"]
[Date "2000.05.01"]
[Round "?"]
[White "Hossa"]
[Black "IZZYLISTED"]
[Result "1-0"]
[WhiteElo "2468"]
[BlackElo "2041"]
[PlyCount "62"]
[EventDate "2000.??.??"]

1. e4 c6 2. d4 d6 3. Nf3 Nf6 4. Nc3 Nbd7 5. e5 Nd5 6. Nxd5 cxd5 7. exd6 e6 8.
Bf4 Qb6 9. a4 Bxd6 10. a5 Qc7 11. Bxd6 Qxd6 12. c3 O-O 13. Bb5 a6 14. Ba4 b5
15. axb6 Nxb6 16. O-O Nxa4 17. Qxa4 Bd7 18. Qa2 Bb5 19. Rfe1 h6 20. Ne5 Rfc8
21. Re3 Rab8 22. b3 Be8 23. Nf3 Rb6 24. Rae1 Rcb8 25. Nd2 R6b7 26. Re5 Qc7 27.
Qc2 a5 28. Ra1 a4 29. bxa4 Rb2 30. Qc1 Qa5 31. Nc4 Qxc3 {IZZYLISTED resigns}
1-0

[Event "ICS Rated blitz match"]
[Site "204.178.125.65"]
[Date "2000.05.01"]
[Round "?"]
[White "hanni"]
[Black "Hossa"]
[Result "0-1"]
[WhiteElo "2285"]
[BlackElo "2473"]
[PlyCount "40"]
[EventDate "2000.??.??"]

1. d4 Nf6 2. c4 e6 3. Nc3 Bb4 4. e3 b6 5. Nge2 Ne4 6. Bd2 Nxd2 7. Qxd2 O-O 8.
a3 Be7 9. e4 Nc6 10. b4 f5 11. exf5 Rxf5 12. g3 Bb7 13. Bg2 Qf8 14. O-O a6 15.
Be4 Rf6 16. Qd3 g6 17. d5 Ne5 18. Qd4 Nf3+ 19. Bxf3 Rxf3 20. Nf4 Bf6 {
hanni resigns} 0-1

[Event "ICS rated standard match"]
[Site "204.178.125.65"]
[Date "2000.05.01"]
[Round "?"]
[White "Hossa"]
[Black "hoel"]
[Result "1-0"]
[WhiteElo "2367"]
[BlackElo "1957"]
[PlyCount "69"]
[EventDate "2000.??.??"]

1. e4 e6 2. d4 d5 3. Nc3 Bb4 4. e5 c5 5. a3 Bxc3+ 6. bxc3 Qc7 7. Qg4 Ne7 8.
Qxg7 Rg8 9. Qxh7 cxd4 10. Ne2 Nbc6 11. f4 dxc3 12. Nxc3 a6 13. Bd2 Bd7 14. Ne2
Rc8 15. Rc1 Na5 16. Ng3 Nc4 17. Bxc4 Qxc4 18. Nh5 Rf8 19. Nf6+ Kd8 20. Ba5+ Rc7
21. Qh6 Ng6 22. f5 Bb5 23. Qe3 Nf4 24. Qd2 Kc8 25. Bxc7 Kxc7 26. Rb1 Kb8 27.
Rb4 Qa2 28. Rxb5 axb5 29. Nd7+ Kc8 30. Nxf8 Qa1+ 31. Kf2 Qxh1 32. Qxf4 Qd1 33.
fxe6 Qxc2+ 34. Kg3 Qd3+ 35. Qf3 {hoel resigns} 1-0

[Event "ICS rated standard match"]
[Site "204.178.125.65"]
[Date "2000.05.01"]
[Round "?"]
[White "Hossa"]
[Black "C-REINOSO"]
[Result "1-0"]
[WhiteElo "2370"]
[BlackElo "2213"]
[PlyCount "51"]
[EventDate "2000.??.??"]

1. e4 Nf6 2. e5 Nd5 3. d4 d6 4. Nf3 Bg4 5. Be2 e6 6. O-O Nb6 7. exd6 cxd6 8. h3
Bh5 9. Bg5 Be7 10. Bxe7 Qxe7 11. b3 O-O 12. c4 N8d7 13. Nc3 d5 14. Nd2 Bxe2 15.
Qxe2 Qb4 16. Rfc1 dxc4 17. bxc4 Rac8 18. Rab1 Qa5 19. c5 Rfd8 20. Rb5 Qa3 21.
Nb3 a6 22. Ra5 Qb4 23. Qf3 e5 24. cxb6 exd4 25. Ra4 Rxc3 26. Rxb4 {
C-REINOSO resigns} 1-0

[Event "ICS rated blitz match"]
[Site "204.178.125.65"]
[Date "2000.05.01"]
[Round "?"]
[White "Hossa"]
[Black "sladdi"]
[Result "1-0"]
[WhiteElo "2481"]
[BlackElo "1981"]
[PlyCount "49"]
[EventDate "2000.??.??"]

1. e4 Nf6 2. e5 Nd5 3. d4 d6 4. Nf3 Bg4 5. Be2 c6 6. Ng5 Bf5 7. Bg4 Bxg4 8.
Qxg4 dxe5 9. dxe5 h6 10. Ne4 e6 11. Nd6+ Bxd6 12. exd6 Nf6 13. Qxg7 Rg8 14.
Qxh6 Rxg2 15. Nc3 Nbd7 16. Be3 Qa5 17. O-O-O O-O-O 18. Rhg1 Rxg1 19. Rxg1 Nd5
20. Qh5 Qb4 21. Nxd5 exd5 22. Qxf7 d4 23. Bg5 Rf8 24. Qe6 Rxf2 25. Qe8# {
sladdi checkmated} 1-0

[Event "ICS rated blitz match"]
[Site "204.178.125.65"]
[Date "2000.05.01"]
[Round "?"]
[White "Hossa"]
[Black "sladdi"]
[Result "0-1"]
[WhiteElo "2483"]
[BlackElo "1989"]
[PlyCount "170"]
[EventDate "2000.??.??"]

1. e4 Nf6 2. e5 Nd5 3. d4 d6 4. Nf3 Bg4 5. Be2 c6 6. Ng5 Bf5 7. Bg4 Bxg4 8.
Qxg4 dxe5 9. dxe5 e6 10. O-O Qc7 11. c4 Ne7 12. Bf4 Nd7 13. Qe2 Ng6 14. Bg3
Ngxe5 15. Re1 h6 16. Nh3 O-O-O 17. Nc3 f6 18. Nf4 Re8 19. Ng6 Rg8 20. Bxe5 Nxe5
21. Nxe5 fxe5 22. Qxe5 Qxe5 23. Rxe5 Bd6 24. Re3 Bc5 25. Rd3 Rd8 26. Rad1 Rxd3
27. Rxd3 Rd8 28. Rxd8+ Kxd8 29. Ne4 Bd4 30. b3 Ke7 31. h4 e5 32. h5 Ke6 33. a3
a6 34. Kf1 b5 35. a4 bxc4 36. bxc4 Kf5 37. f3 Kf4 38. Ke2 Kf5 39. a5 Ke6 40. g3
Ke7 41. Kf1 Ke6 42. Kg2 Ke7 43. Kh3 Ke6 44. Kh4 Be3 45. Kg4 Bd4 46. Kh3 Be3 47.
Kh2 Bd4 48. Kh1 Ke7 49. Kg2 Ke6 50. Kf1 Ke7 51. Ke2 Ke6 52. Kd1 Ke7 53. Kc1 Ke6
54. Kc2 Ke7 55. c5 Ke6 56. Kb3 Kd5 57. Kb4 Be3 58. Nc3+ Ke6 59. Kc4 Bf2 60. Na2
Be1 61. Nb4 Bxb4 62. Kxb4 Kd5 63. Kc3 Kxc5 64. Kd3 Kb5 65. Ke4 c5 66. Kxe5 c4
67. Kd4 Kb4 68. g4 c3 69. Kd3 Kb3 70. g5 c2 71. gxh6 gxh6 72. Kd2 Kb2 73. Kd3
c1=Q 74. Kd4 Qg5 75. Kd3 Qxh5 76. f4 Qxa5 77. Ke2 Qf5 78. Ke1 Kc3 79. Kf2 Kd3
80. Kg2 Ke3 81. Kf1 Qxf4+ 82. Kg2 Ke2 83. Kh3 Qg5 84. Kh2 Kf2 85. Kh3 Qh5# {
Hossa checkmated} 0-1

[Event "ICS rated blitz match"]
[Site "204.178.125.65"]
[Date "2000.05.01"]
[Round "?"]
[White "QueenMaxima"]
[Black "Hossa"]
[Result "0-1"]
[WhiteElo "2585"]
[BlackElo "2453"]
[PlyCount "128"]
[EventDate "2000.??.??"]

1. e4 d5 2. exd5 Nf6 3. d4 Bg4 4. f3 Bf5 5. Bb5+ Nbd7 6. c4 e6 7. dxe6 Bxe6 8.
Nc3 c6 9. d5 cxb5 10. dxe6 fxe6 11. cxb5 Ne5 12. Qxd8+ Rxd8 13. Nh3 Bc5 14. f4
Nd3+ 15. Ke2 Nb4 16. Na4 Nc2 17. Nxc5 Nxa1 18. Nxe6 Rd6 19. Nxg7+ Kf7 20. Nf5
Re8+ 21. Kf2 Ne4+ 22. Kf3 Rd3+ 23. Ke2 Rxh3 24. gxh3 Ng3+ 25. Kd3 Rd8+ 26. Nd4
Nxh1 27. Be3 Rd5 28. f5 Re5 29. h4 h5 30. b4 Ke7 31. Kd2 Ke8 32. b6 axb6 33.
Kd3 Kf7 34. Nf3 Rxf5 35. Ng5+ Kg6 36. Nh3 Rd5+ 37. Kc3 Kf5 38. Bxb6 Kg4 39. Ng1
Rd1 40. Ne2 Kxh4 41. Bd4 Kg4 42. Bc5 Kh3 43. Nf4+ Kxh2 44. Nxh5 Ng3 45. Nxg3
Kxg3 46. Kb2 Kf3 47. a4 Ke2 48. b5 Kd3 49. Ba3 Nc2 50. Bc5 Ra1 51. Kb3 b6 52.
Bxb6 Ra3+ 53. Kb2 Rxa4 54. Bd8 Rb4+ 55. Ka2 Rxb5 56. Bf6 Ne3 57. Ka3 Kc4 58.
Bg7 Rb7 59. Be5 Nd1 60. Bd4 Kxd4 61. Ka4 Kc5 62. Ka3 Kc4 63. Ka2 Nc3+ 64. Ka3
Rb3# 0-1

[Event "ICS rated blitz match"]
[Site "204.178.125.65"]
[Date "2000.05.01"]
[Round "?"]
[White "Hossa"]
[Black "Amateur"]
[Result "1/2-1/2"]
[WhiteElo "2475"]
[BlackElo "2573"]
[PlyCount "209"]
[EventDate "2000.??.??"]

1. e4 Nf6 2. e5 Nd5 3. d4 d6 4. Nf3 dxe5 5. Nxe5 g6 6. c4 Nf6 7. Nc3 Bg7 8. Be3
Nbd7 9. Nf3 Nb6 10. Bd3 Ng4 11. O-O Nxe3 12. fxe3 O-O 13. Qd2 c6 14. Qf2 e5 15.
Rad1 exd4 16. Nxd4 Qe7 17. b3 Bg4 18. Be2 Bxe2 19. Ncxe2 Rad8 20. Nf4 Rfe8 21.
Rd3 c5 22. Nc2 Rxd3 23. Nxd3 Rd8 24. Nxc5 f5 25. Na4 Nxa4 26. bxa4 Rc8 27. Qd2
Rxc4 28. a5 Rc5 29. a6 bxa6 30. Qb4 Qc7 31. Qb3+ Qf7 32. Qb8+ Bf8 33. Qb2 Rb5
34. Qa1 Ra5 35. a3 Qb3 36. Qb1 Qxb1 37. Rxb1 Bxa3 38. Nxa3 Rxa3 39. Rb8+ Kg7
40. Rb7+ Kh6 41. Rxa7 a5 42. Kf2 a4 43. h4 Ra2+ 44. Kf3 a3 45. Kg3 Ra1 46. Kh3
a2 47. Kh2 Kh5 48. Rxh7+ Kg4 49. Ra7 Kxh4 50. Ra4+ Kg5 51. Ra6 Kh5 52. Kg3 Kh6
53. Kf2 Kg7 54. Kg3 Kf7 55. Kh2 Kg7 56. Kg3 g5 57. Kh2 Kf7 58. g3 Ke7 59. Kg2
Kf7 60. Kh2 g4 61. Kg2 Ke7 62. Kh2 Kd7 63. Ra7+ Kc6 64. Ra5 Kb6 65. Ra4 Kb5 66.
Ra8 Kb4 67. Kg2 Kb3 68. Rb8+ Kc2 69. Ra8 Kb2 70. Rb8+ Kc3 71. Rc8+ Kd2 72. Rd8+
Kc2 73. Ra8 Kc3 74. Rc8+ Kd3 75. Rd8+ Kxe3 76. Re8+ Kd3 77. Rd8+ Kc2 78. Rc8+
Kb3 79. Rb8+ Kc3 80. Rc8+ Kb2 81. Rb8+ Kc2 82. Rc8+ Kd3 83. Rd8+ Kc3 84. Rc8+
Kd4 85. Rd8+ Kc4 86. Rc8+ Kb4 87. Rb8+ Ka4 88. Ra8+ Kb3 89. Rb8+ Ka3 90. Ra8+
Kb2 91. Rb8+ Kc1 92. Rc8+ Kd2 93. Rd8+ Kc1 94. Rc8+ Kd1 95. Rd8+ Ke1 96. Re8+
Kd2 97. Rd8+ Ke3 98. Re8+ Kd4 99. Rd8+ Kc4 100. Rc8+ Kb4 101. Rb8+ Ka4 102.
Ra8+ Kb4 103. Rb8+ Ka3 104. Ra8+ Kb3 105. Rb8+ 1/2-1/2

[Event "ICS rated blitz match"]
[Site "204.178.125.65"]
[Date "2000.05.01"]
[Round "?"]
[White "Talmoves"]
[Black "Hossa"]
[Result "1-0"]
[WhiteElo "2771"]
[BlackElo "2479"]
[PlyCount "169"]
[EventDate "2000.??.??"]

1. e4 e5 2. Nf3 Nc6 3. Bb5 a6 4. Ba4 Nf6 5. O-O Be7 6. Re1 b5 7. Bb3 d6 8. c3
O-O 9. h3 Bb7 10. d4 Re8 11. Nbd2 Bf8 12. a4 h6 13. Bc2 exd4 14. cxd4 Nb4 15.
Bb1 c5 16. d5 Nd7 17. Ra3 f5 18. Rae3 Nf6 19. Nh2 Qd7 20. exf5 Rxe3 21. fxe3
Bxd5 22. Ng4 Be7 23. e4 Bf7 24. Nf3 Nxg4 25. hxg4 bxa4 26. Ne5 Qe8 27. Nxf7
Qxf7 28. Qxa4 Bf6 29. Bf4 Bd4+ 30. Kh1 Qf6 31. Qb3+ d5 32. Bg3 Be5 33. Rd1 Bxg3
34. Qxg3 Qxb2 35. exd5 Nxd5 36. Be4 Nc3 37. Bxa8 Nxd1 38. Qe1 Qb3 39. Qe8+ Kh7
40. f6 gxf6 41. Be4+ Kg7 42. Qd7+ Qf7 43. Qxd1 Qe6 44. Bf5 Qe8 45. Qd2 Qe7 46.
Kg1 Qc7 47. Qd5 c4 48. Bc2 Qf4 49. Qd7+ Kf8 50. Bg6 Qe3+ 51. Kf1 Qf4+ 52. Ke2
Qe5+ 53. Kf3 Qc3+ 54. Kf2 Qb2+ 55. Kg1 Qc1+ 56. Kh2 Qf4+ 57. Kh3 Qe3+ 58. g3
Qe7 59. Qc6 Kg7 60. Bf5 c3 61. Qxc3 Qb7 62. Qe1 a5 63. Bc2 Kf7 64. Be4 Qb5 65.
Bf5 Qc6 66. Qe4 Qxe4 67. Bxe4 a4 68. Kh4 Ke6 69. Kh5 a3 70. Bb1 Kd5 71. Kxh6
Kc4 72. Ba2+ Kd3 73. Kg6 Ke2 74. Kxf6 Kd1 75. g5 Kc1 76. g6 Kb2 77. g7 Kc2 78.
g8=Q Kd3 79. Qb3+ Ke2 80. Qc2+ Ke3 81. Kf5 Kd4 82. Qc1 Kd3 83. Kf4 Ke2 84. Bc4+
Kf2 85. Qf1# {Hossa checkmated} 1-0

[Event "ICS rated standard match"]
[Site "204.178.125.65"]
[Date "2000.05.01"]
[Round "?"]
[White "HardAsRock"]
[Black "Hossa"]
[Result "0-1"]
[WhiteElo "2189"]
[BlackElo "2378"]
[PlyCount "52"]
[EventDate "2000.??.??"]

1. d4 d5 2. Nf3 Nf6 3. c4 e6 4. Bg5 Nbd7 5. cxd5 exd5 6. Nc3 h6 7. Bh4 Bb4 8.
e3 g5 9. Bg3 Ne4 10. Qc2 c6 11. Nd2 Nxd2 12. Qxd2 h5 13. h3 Nf6 14. Bd3 Ne4 15.
Bxe4 dxe4 16. a3 Bxc3 17. Qxc3 h4 18. Bh2 f6 19. O-O g4 20. hxg4 Bxg4 21. Qc5
h3 22. gxh3 Bxh3 23. Rfc1 Qd7 24. Qd6 Rg8+ 25. Kh1 Bg2+ 26. Kg1 Qh3 {
HardAsRock resigns} 0-1

[Event "ICS rated blitz match"]
[Site "204.178.125.65"]
[Date "2000.05.01"]
[Round "?"]
[White "Hossa"]
[Black "BoeserOnkel"]
[Result "0-1"]
[WhiteElo "2474"]
[BlackElo "2789"]
[PlyCount "102"]
[EventDate "2000.??.??"]

1. e4 e5 2. Nf3 Nf6 3. Nxe5 d6 4. Nf3 Nxe4 5. d4 d5 6. Bd3 Be7 7. O-O Nc6 8. c4
Nb4 9. Be2 O-O 10. a3 Nc6 11. cxd5 Qxd5 12. Nc3 Nxc3 13. bxc3 Bf5 14. Re1 Rae8
15. c4 Qe4 16. Be3 Bf6 17. Ra2 a5 18. d5 Ne5 19. Nd2 Qh4 20. Qb3 Bc8 21. Qb5 b6
22. c5 Bd7 23. Qa6 Ra8 24. Qb7 bxc5 25. Qxc7 Rfc8 26. Qd6 Bg4 27. g3 Qh5 28.
Ne4 Bxe2 29. Nxf6+ gxf6 30. Rexe2 Rd8 31. Qxc5 Rxd5 32. Qc2 Qh3 33. f4 Nf3+ 34.
Kf2 Nxh2 35. Ra1 Ng4+ 36. Kf3 Rad8 37. Qc7 Qh5 38. Rae1 Nxe3+ 39. Kf2 Nf5 40.
Kg1 Nxg3 41. Re8+ Rxe8 42. Rxe8+ Kg7 43. Qc3 Ne2+ 44. Rxe2 Qxe2 45. Qg3+ Kf8
46. Qf2 Qg4+ 47. Qg2 Rd1+ 48. Kh2 Qh4+ 49. Qh3 Rd2+ 50. Kg1 Qxh3 51. f5 Qg2# {
Hossa checkmated} 0-1

[Event "ICS rated standard match"]
[Site "204.178.125.65"]
[Date "2000.05.01"]
[Round "?"]
[White "Hossa"]
[Black "markOpoleO"]
[Result "0-1"]
[WhiteElo "2380"]
[BlackElo "2429"]
[PlyCount "136"]
[EventDate "2000.??.??"]

1. e4 e5 2. Nf3 Nc6 3. Nc3 g6 4. Bc4 Bg7 5. O-O d6 6. Bb5 Nge7 7. d3 O-O 8. Bg5
h6 9. Bh4 Bg4 10. Bxc6 bxc6 11. h3 Be6 12. d4 f6 13. Qe2 Qe8 14. Qa6 exd4 15.
Nxd4 Bf7 16. Rfd1 Qd7 17. b4 Rfb8 18. Rab1 Rb6 19. Qd3 a5 20. bxa5 Rxa5 21. a4
Qe8 22. Qd2 Nc8 23. Nb3 Ra8 24. Bg3 Rb4 25. Nd4 Rxb1 26. Rxb1 Nb6 27. Ra1 c5
28. Ndb5 Qd7 29. Qd1 Ra5 30. Qe1 Nxa4 31. Nxc7 Qxc7 32. Rxa4 Rxa4 33. Nxa4 f5
34. exf5 gxf5 35. Qd1 Qa5 36. c3 Qb5 37. Qa1 Bb3 38. Nb2 Bxc3 39. Bxd6 Qe2 40.
Qa8+ Kg7 41. g4 Kg6 42. gxf5+ Kxf5 43. Qc8+ Kg6 44. Qc6 Qe1+ 45. Kg2 Qe6 46.
Nd3 Bd5+ 47. Kg1 Bxc6 48. Nf4+ Kf5 49. Nxe6 Kxe6 50. Bxc5 Kf5 51. Be3 h5 52.
Kh2 Be5+ 53. Kg1 Be4 54. Ba7 Kg5 55. Be3+ Kh4 56. f4 Bc3 57. Kh2 Be1 58. Kg1
Kxh3 59. Kf1 Bg3 60. Bd4 Bd3+ 61. Kg1 h4 62. f5 Kg4 63. Bf2 h3 64. f6 Be2 65.
Bb6 h2+ 66. Kg2 Bf3+ 67. Kf1 h1=Q+ 68. Bg1 Qg2# {Hossa checkmated} 0-1

[Event "ICS rated blitz match"]
[Site "204.178.125.65"]
[Date "2000.05.01"]
[Round "?"]
[White "BoeserOnkel"]
[Black "Hossa"]
[Result "1-0"]
[WhiteElo "2793"]
[BlackElo "2470"]
[PlyCount "89"]
[EventDate "2000.??.??"]

1. e4 e5 2. Nf3 Nc6 3. Bb5 a6 4. Ba4 Nf6 5. O-O Be7 6. Re1 b5 7. Bb3 d6 8. c3
O-O 9. h3 Bb7 10. d4 Re8 11. Nbd2 Bf8 12. a4 h6 13. Bc2 exd4 14. cxd4 Nb4 15.
Bb1 c5 16. d5 Nd7 17. Ra3 f5 18. exf5 Nf6 19. Ne4 Bxd5 20. Nxf6+ Qxf6 21. Rae3
Bf7 22. Nh2 Rxe3 23. Rxe3 Nd5 24. Ng4 Qd8 25. Rg3 Kh8 26. Be4 Nb6 27. Bxa8 Nxa8
28. axb5 axb5 29. f6 g5 30. Rc3 d5 31. h4 gxh4 32. Bxh6 Bxh6 33. Nxh6 Qxf6 34.
Nxf7+ Qxf7 35. Qg4 Qe7 36. Rh3 Qe1+ 37. Kh2 Qe5+ 38. f4 Qg7 39. Qc8+ Kh7 40.
Rxh4+ Qh6 41. Qd7+ Kg6 42. Qe6+ Kg7 43. Rxh6 d4 44. Qf6+ Kg8 45. Rh8# {
Hossa checkmated} 1-0

[Event "ICS rated blitz match"]
[Site "204.178.125.65"]
[Date "2000.05.01"]
[Round "?"]
[White "Hossa"]
[Black "RedBear"]
[Result "1/2-1/2"]
[WhiteElo "2466"]
[BlackElo "2510"]
[PlyCount "89"]
[EventDate "2000.??.??"]

1. e4 e5 2. Nf3 Nc6 3. Nc3 Nf6 4. Nxe5 Nxe5 5. d4 Ng6 6. e5 Ng8 7. Bc4 d5 8.
Bxd5 c6 9. Bb3 Be6 10. O-O Bxb3 11. axb3 Qd7 12. Ne4 a6 13. c3 Be7 14. Re1
O-O-O 15. Ra5 Qe6 16. f4 Nh6 17. b4 Rhe8 18. Kh1 Qf5 19. g3 Kb8 20. Qa4 Qh5 21.
Kg2 Rc8 22. e6 f5 23. Ng5 Bd8 24. Rc5 Bb6 25. Rc4 Ba7 26. d5 Nf7 27. Nf3 Nd6
28. Rxc6 bxc6 29. Qxa6 Rc7 30. dxc6 Ree7 31. Be3 Bxe3 32. Rxe3 Qg4 33. Ne5
Nxf4+ 34. Kf2 Ne4+ 35. Rxe4 Nh3+ 36. Kf1 Qxe4 37. Nd7+ Rexd7 38. cxd7 Qh1+ 39.
Ke2 Qxh2+ 40. Kd1 Qh1+ 41. Kc2 Qe4+ 42. Kc1 Qe3+ 43. Kb1 Qe4+ 44. Kc1 Qe3+ 45.
Kb1 1/2-1/2